01094nam a2200217Ia 4500952009400000999001700094008004100111050001300152100003500165240004000200245010800240260004300348300001800391500004800409500006900457505021900526519004400745650003600789650004400825942000700869 00102lcc4070a22b22d2019-03-07l0oU21 F66p11 013912r2023-07-14t1w2019-03-07yLB c68698d68698120626s1972 mx 000 0 spa d aU21bF66 aFornari, Francod1921 -eautor aPsicanalisi della guerralespañol aPsicoanálisis de la guerrac/ Franco Fornari; traducción de Leonicio Lara y Rosa Ma. Álvarez Lara aMéxicob: Siglo XXI editoresc, 1972 a286 páginas aTítulo original: Psicanalisi della guerra aIncluye: Introducción (pp. 1 - 27), Apéndice (pp. 254 - 286) aEl fenómeno de la guerra La guerra en las sociedades primitivas Literatura psicoanalítica sobre la guerra Fundación y funciones del grupo Reflexiones psicoanalíticas sobre la situación atómica  aMaterial complementario / d(11 013912) 0aGUERRAxASPECTOS PSICOLÓGICOS 0aGUERRA NUCLEARxASPECTOS PSICOLÓGICOS cLB